| 000 | 00695nam a22002177a 4500 | ||
|---|---|---|---|
| 003 | 0 | ||
| 005 | 20240923130158.0 | ||
| 008 | 240923b xxu||||| |||| 00| 0 eng d | ||
| 020 | _a978-8-214-03970 | ||
| 050 |
_aRJ 499 _b.M37 2024 |
||
| 100 | _aMash, Eric | ||
| 245 |
_aChild psychopathology _c Eric Mash [and two others] |
||
| 250 | _aEight edition | ||
| 260 |
_aCanada _bCengage _c2024 |
||
| 300 |
_axxix, 731 pages : _bcolored illustrations and pictures ; _c28cm. |
||
| 504 | _aIncludes bibliographical references, index, and glossary. | ||
| 650 | _aChild psychopathology. | ||
| 650 | _aChild, Emotional disorders. | ||
| 650 | _aNeurodevelopmental disorders. | ||
| 942 |
_2lcc _cBK |
||
| 999 |
_c366341 _d366341 |
||